000 00804nam a2200289Ia 4500
005 20260324120204.0
008 008 260324s9999 xx 000 0 eng d
020 _a9780429226175
037 _aEBOOK
040 _aCRL
040 _beng
040 _cCRL
041 _2eng
041 _aeng
084 _qCRL
100 _aYanglv Ling
_91157582
245 0 _aComputer Science in Industrial Application
245 0 _bProceedings of the 2014 Pacific-Asia Workshop on Computer Science and Industrial Application (CSIA 2014), Bangkok, Thailand, November 17-18, 2014
260 _bTaylor and Francis
260 _c2015
365 _a
365 _b560
856 _uhttp://www.taylorfrancis.com/books/9780429226175
942 _cEBOOK
999 _c1748971
_d1748971